|
|
|
|
| LEADER |
00996nam a2200277 a 4500 |
| 001 |
c000170454 |
| 003 |
CARM |
| 005 |
19890727000000.0 |
| 008 |
770317s1978 nyua b 001 0 eng |
| 019 |
1 |
|
|a 857765
|5 LACONCORD2021
|
| 020 |
|
|
|a 0023034505
|
| 035 |
|
|
|a (OCoLC)2875490
|5 LACONCORD2021
|
| 040 |
|
|
|a LC
|b eng
|c LC
|d SUSA
|
| 050 |
0 |
0 |
|a T11
|b .A52
|
| 082 |
0 |
4 |
|a 808/.066/6021
|
| 100 |
1 |
|
|a Andrews, Deborah C.
|
| 245 |
1 |
0 |
|a Technical writing :
|b principles and forms /
|c Deborah C. Andrews, Margaret D. Blickle.
|
| 260 |
|
|
|a New York :
|b Macmillan,
|c c1978.
|
| 300 |
|
|
|a ix, 431 p. :
|b ill. ;
|c 24 cm.
|
| 500 |
|
|
|a Includes index.
|
| 504 |
|
|
|a Bibliography: p.423-425.
|
| 650 |
|
0 |
|a Technical writing.
|
| 700 |
1 |
|
|a Blickle, Margaret D,
|e joint author.
|
| 852 |
8 |
|
|b CARM
|h A2:AN34F0
|i C06139
|p 0236583
|f BK
|
| 999 |
f |
f |
|i 62a0138d-ae50-506c-8197-95bfa256200a
|s 533a320d-b469-5102-ab6f-66746dd6100a
|
| 952 |
f |
f |
|p Can circulate
|a CAVAL
|b CAVAL
|c CAVAL
|d CARM 1 Store
|e C06139
|f A2:AN34F0
|h Other scheme
|i book
|m 0236583
|